000
00291nam a22001337a 4500
008
180110b xxu||||| |||| 00| 0 eng d
020
_a
2900077392375
041
_a
eng
080
_a
33
100
_a
58
101
_a
BIZ
245
_a
BUS 1100 BUSINESS MATH
_c
SLATER,J
942
_2
udc
_c
BK
999
_c
40006
_d
40006